000
00264nam a2200109Ia 4500
008
190216s9999||||xx |||||||||||||| ||und||
100
_a
Das Gupta N
245
0
_a
Financial Reporting In India
260
_b
Shivlal Agarwala & Com
_c
1987
300
_a
272p
942
_c
BK
999
_c
4615
_d
4615